Statistics for Famous Fictional Frogs and Toads 🐸

Click here to take the quiz!

General Stats

  • This quiz has been taken 293 times
    (131 since last reset)
  • The average score is 5 of 12

Answer Stats

HintAnswer% Correct
The most famous MuppetKermit the Frog
98%
Disney princess who is turned into a frogTiana
61%
Video game in which a frog must cross the roadFrogger
58%
Spawned a worldwide hit single with a remix of "Axel F"Crazy Frog
48%
Internet memePepe the Frog
45%
One main character from The Wind in the WillowsMr. Toad
37%
Three Dog Night sang about this bullfrogJeremiah
36%
Mesmerizing Futurama characterHypnotoad
29%
Beat 'em up video game franchise starring Rash, Zitz, and PimpleBattleToads
25%
Character from the Star Fox video game seriesSlippy Toad
21%
A frog named Dig'Em is the mascot of this cerealHoney Smacks
18%
Vaudeville Looney Tunes frogMichigan J. Frog
18%

Score Distribution

Percentile by Number Answered

Percent of People with Each Score

Your Score History

You have not taken this quiz since the last reset